000 00734nam a2200217 4500
001 44745
010 _a9789895663903
021 _b521072/23
090 _a44745
100 _a20240809d2023 m y0pory50030103ba
101 0 _apor
102 _aPT
200 1 _aA festa da Santa Cruz no concelho de Reguengos de Monzaraz
_e(memórias de uma tradicão religiosa popular)
_fLina Santos Mendonça
210 9 _aLisboa
_cEdições Colibri,
_d2023
215 _a147, [2] p.
_cil.
_d23 cm
675 _a394.2(469.512)
_vBN
_zpor
675 _a272-562(469.512)
_vBN
_zpor
700 1 _aMendon—ca,
_bLina Santos
801 0 _aPT
_bBN
_gRPC
856 4 1 _uhttp://rnod.bnportugal.gov.pt/ImagesBN/winlibimg.aspx?skey=&doc=2176345&img=196974&save=true
990 _cLIVROS